The Future of manufacturing opportunities to drive economic growth.
| Format: | Book |
|---|---|
| Published: |
Geneva:
World Economic Forum,
2012.
|
| Subjects: |
| LEADER | 00431cam a2200133 7i4500 | ||
|---|---|---|---|
| 001 | 0000028068 | ||
| 005 | 20121011090000.0 | ||
| 090 | 0 | 0 | |a I 338.09931 |b FUT |
| 245 | 0 | 4 | |a The Future of manufacturing opportunities to drive economic growth. |
| 260 | 0 | 0 | |a Geneva: |b World Economic Forum, |c 2012. |
| 300 | # | # | |a 83 p. |
| 650 | 0 | 0 | |a Economic development |
| 650 | 0 | 0 | |a Manufacturing industries |
| 999 | |a 0000030594 |b Book |c International |e Business Information Centre | ||